000 00217nam a22000977a 4500
003 OSt
008 200922b ||||| |||| 00| 0 eng d
100 _aDr. S. Radhakrishnan
_94757
245 _aGowthamabudhan
942 _cBK
999 _c16326
_d16326